Schaum's outline of theory and problems of signals and systems-(E-BOOK) (Record no. 191722)
[ view plain ]
| 000 -LEADER | |
|---|---|
| fixed length control field | 01184 a2200277 4500 |
| 003 - CONTROL NUMBER IDENTIFIER | |
| control field | Nust |
| 005 - DATE AND TIME OF LATEST TRANSACTION | |
| control field | 20170207154022.0 |
| 020 ## - INTERNATIONAL STANDARD BOOK NUMBER | |
| International Standard Book Number | 0-07-030641-9 |
| 040 ## - CATALOGING SOURCE | |
| Transcribing agency | Nust |
| 082 04 - DEWEY DECIMAL CLASSIFICATION NUMBER | |
| Classification number | 621.38223 |
| 100 1# - MAIN ENTRY--PERSONAL NAME | |
| Personal name | Hsu, Hwei P. |
| 245 00 - TITLE STATEMENT | |
| Title | Schaum's outline of theory and problems of signals and systems-(E-BOOK) |
| Statement of responsibility, etc. | Hwei P. Hsu |
| 260 ## - PUBLICATION, DISTRIBUTION, ETC. | |
| Place of publication, distribution, etc. | New York : |
| Name of publisher, distributor, etc. | McGraw-Hill, |
| Date of publication, distribution, etc. | cop. 1995 |
| 300 ## - PHYSICAL DESCRIPTION | |
| Extent | ix, 466 s. : |
| Other physical details | ill. |
| 490 0# - SERIES STATEMENT | |
| Series statement | Schuam's outline series |
| 505 ## - FORMATTED CONTENTS NOTE | |
| Formatted contents note | Signals and Systems (Page-1), Linear Time-Invariant Systems (Page-56), 3. Laplace Transform and Continuous-Time LTI Systems (Page-110), The z-Transform and Discrete-Time LTI Systems (Page-165), Fourier Analysis of Continuous-Time Signals and Systems (Page-211), Fourier Analysis of Discrete-Time Signals and Systems (Page-288), State Space Analysis (Page-365). |
| 650 #0 - SUBJECT ADDED ENTRY--TOPICAL TERM | |
| Topical term or geographic name entry element | Digital signalbehandling |
| 650 #0 - SUBJECT ADDED ENTRY--TOPICAL TERM | |
| Topical term or geographic name entry element | Problems, exercises, etc |
| 650 #0 - SUBJECT ADDED ENTRY--TOPICAL TERM | |
| Topical term or geographic name entry element | Signal processing - Digital techniques |
| 650 #0 - SUBJECT ADDED ENTRY--TOPICAL TERM | |
| Topical term or geographic name entry element | Signal theory (Telecommunication) |
| 650 #0 - SUBJECT ADDED ENTRY--TOPICAL TERM | |
| Topical term or geographic name entry element | Telecommunication |
| 650 #0 - SUBJECT ADDED ENTRY--TOPICAL TERM | |
| Topical term or geographic name entry element | Telekommunikation |
| 651 ## - SUBJECT ADDED ENTRY--GEOGRAPHIC NAME | |
| Geographic name | E-BOOK |
| 740 0# - ADDED ENTRY--UNCONTROLLED RELATED/ANALYTICAL TITLE | |
| Uncontrolled related/analytical title | Signals and systems |
| 740 0# - ADDED ENTRY--UNCONTROLLED RELATED/ANALYTICAL TITLE | |
| Uncontrolled related/analytical title | Theory and problems of signals and systems |
| 942 ## - ADDED ENTRY ELEMENTS (KOHA) | |
| Source of classification or shelving scheme | |
| Koha item type | Book |
| Withdrawn status | Lost status | Source of classification or shelving scheme | Damaged status | Not for loan | Collection code | Permanent Location | Current Location | Date acquired | Total Checkouts | Full call number | Barcode | Date last seen | Price effective from | Koha item type |
|---|---|---|---|---|---|---|---|---|---|---|---|---|---|---|
| Military College of Signals (MCS) | Military College of Signals (MCS) | 12/12/2016 | 621.38223 HSU | MCSEB-770 | 12/08/2016 | 12/12/2016 | Book |
